ბათუმის შოთა რუსთაველის სახელმწიფო უნივერსიტეტის ბიბლიოთეკა

Теория и расчет перегонки и ректификации. (ბიბ.ჩანაწერი № 40402)

000 -LEADER
fixed length control field 00649nam a2200217Ia 4500
001 - CONTROL NUMBER
control field 7010
003 - CONTROL NUMBER IDENTIFIER
control field GE_BSU
008 - FIXED-LENGTH DATA ELEMENTS--GENERAL INFORMATION
fixed length control field 181216s||||||||xx |||||||||||||| ||und||
040 ## - CATALOGING SOURCE
Transcribing agency GE_BSU
080 ## - UNIVERSAL DECIMAL CLASSIFICATION NUMBER
Universal Decimal Classification number 66.048(075)
100 ## - MAIN ENTRY--PERSONAL NAME
Personal name Багатуров,С.А.
245 ## - TITLE STATEMENT
Title Теория и расчет перегонки и ректификации.
245 ## - TITLE STATEMENT
Statement of responsibility, etc. Вед. ред. С.И.Бабушкина.
260 ## - PUBLICATION, DISTRIBUTION, ETC.
Place of publication, distribution, etc. М.
260 ## - PUBLICATION, DISTRIBUTION, ETC.
Name of publisher, distributor, etc. Гостоптехиздат.
260 ## - PUBLICATION, DISTRIBUTION, ETC.
Date of publication, distribution, etc. 1961.
300 ## - PHYSICAL DESCRIPTION
Extent 435стр. 22см.
300 ## - PHYSICAL DESCRIPTION
Accompanying material табл.
653 ## - INDEX TERM--UNCONTROLLED
Uncontrolled term Теория и расчет перегонки и ректификации.
942 ## - ADDED ENTRY ELEMENTS (KOHA)
Koha item type წიგნი
ეგზემპლარები
Withdrawn status Lost status Damaged status Not for loan Date acquired Barcode Date last seen Price effective from Koha item type
        2018-12-17 10148 2018-12-17 2018-12-17 წიგნი
        2018-12-17 9625 2018-12-17 2018-12-17 წიგნი